| 000 | 00364 a2200157 4500 | ||
|---|---|---|---|
| 001 | 74609 | ||
| 020 | _a9788538006015 | ||
| 040 | _cAnchieta - Colégio São Paulo | ||
| 100 | _aSchimid, Sophie | ||
| 240 | 1 | 0 |
_aNós somos os melhores! _lpor |
| 245 | 1 | 0 | _aNós somos os melhores! |
| 300 | _a[32] | ||
| 362 | 0 | _a2011 | |
| 650 | 4 | _aLiteratura infantil | |
| 942 | _cBK | ||
| 999 |
_c74609 _d74609 |
||